000 01043nam0a2200325 i 4500
001 RU\NLR\BIBL_A\010952612
005 20240725042008.0
010 _a9785389103061
_9100000
021 _aRU
_b2015-99146
_96169
035 _a(NILC)RuMoRGB-008103108
035 _a(NLR Aleph) 010952612
090 _a10782636
_c10782636
100 _a20160118d2015 um y0rusy50 ca
101 1 _arus
_ceng
102 _aRU
105 _ay|||z||||01ay
200 1 _aПосле тебя
_e[роман]
_fДжоджо Мойес
_g[пер. с англ. Ольги Александровой]
210 _aМосква
_cИностранка
_d2015
215 _a541, [2] с.
_d19
320 _aДр. произведения авт. на 2-й с.
333 _a16+
675 _a821.111
686 1 _aШ6(4Вл)67-440.4{Лх1299-50}
700 1 _aМойес
_bД.
_f1969-
_gДжоджо
801 0 _aRU
_bРГБ
_c20151223
_gRCR
801 1 _aRU
_bРГБ
_c20151223
_2rusmarc
942 _cBOOK
980 _aNBR